Breaking Bad Trivia #F - Statistics

General Stats
  • This quiz has been taken 147 times
  • The average score is 10 of 15
Answer Stats
Hint Answer % Correct
Gustavo's surname Fring
99%
This pest hinders a cook Fly
98%
The reason Walt claims to do everything for Family
94%
Walt Jr. prefers to be called Flynn
94%
Walt is this old at the end of the series Fifty-two
90%
Very last episode of the series Felina
72%
Signature hat of Heisenberg Fedora
61%
Sauls secretary Francesca
60%
A rival cook uses __ ___ to make it look like Walts Food Coloring
56%
Mike writes this on a piece of paper, the DEA intercept the "message" Fuck you!
56%
A-Bomb dropped on Nagasaki and an insult from Badger to Combo Fat Man
47%
This is found of Gus at Gale's appartment Fingerprint
44%
Final episode of Season 4 Face Off
43%
Excuse of Walt for disappearing Fugue State
41%
Ted's Firm: Beneke __ Beneke Fabricator
38%
No matching quizzes found
Score Distribution
Percent of People with Each Score
Percentile by Number Answered
Your Score History
You have not taken this quiz